| 000 | 00351nam a2200145Ia 4500 | ||
|---|---|---|---|
| 008 | 191201s2004 xx 000 0 und d | ||
| 082 |
_a621.3 _bMII |
||
| 100 | _aMITHAL, G K | ||
| 245 | 0 | _aIndustrial and Power Electronics | |
| 250 | _a19th | ||
| 260 |
_aN.Delhi _bKhanna Publisher _c2004 |
||
| 300 | _a712 | ||
| 650 | _aB.Tech(ECE) | ||
| 942 |
_2ddc _cBK |
||
| 999 |
_c1258 _d1258 |
||